| 000 | 00381nam a2200157Ia 4500 | ||
|---|---|---|---|
| 008 | 151213s9999 xx 000 0 und d | ||
| 100 | _aR. Robbinson | ||
| 245 |
_aStrategic Management _cR. Robbinson |
||
| 250 | _a7th | ||
| 260 |
_aNew York _bPrentic Hall _c2004 |
||
| 300 | _a4200 p. | ||
| 650 | _aStatistics | ||
| 650 | _aStatistics | ||
| 700 | _aR. Robbinson | ||
| 999 |
_c2624 _d2624 |
||